000 00960nac a22002657a 4500
001 BR8304674
003 BR-BrBNA
005 20240105115827.0
008 230509b bl.|||m| |||| 00| 0 por d
040 _aBR-BrBNA
_bpor
_cBiblioteca Nacional de Agricultura
072 _aE15; C00
090 _aE15 BR8304674
110 1 _aEmpresa de Assistencia Tecnica e Extensao Rural de Santa Catarina, Florianopolis (Brasil);
_93993
110 1 _aAssociacao de Credito e Assistencia Rural do Estado de Santa Catarina, Florianopolis (Brasil)
_9468
245 1 _aPrograma de Credito rural educativo, 1983 [Santa Catarina, Brasil]
260 3 _aFlorianopolis, SC (Brasil):
_c1983.
300 _a103 p.
490 _aPrograma de Credito Rural Educativo (Brazil)
_v
_x
500 _aNumerical data
650 _aCREDITO AGRICOLA
650 _aEXTENSAO RURAL
650 _aSANTA CATARINA
909 _a202312
_bLúcia Elande
_c55
_dLúcia Elande
942 _2AGRIS
_n0
_cMS
999 _c276589
_d276589